[Event "Karl Mala Memorial op 13th"]
[Site "Frankfurt"]
[Date "2010.07.08"]
[Round "1"]
[White "Gohmann, Marc"]
[Black "Richter, Edgar"]
[Result "1-0"]
[WhiteElo "1933"]
[BlackElo "1231"]
[PlyCount "93"]
[EventDate "2010.07.08"]
[EventType "swiss"]
[EventRounds "7"]
[EventCountry "GER"]
[SourceTitle "EXT 2012"]
[Source "ChessBase"]
[SourceDate "2011.11.24"]
[SourceVersion "1"]
[SourceVersionDate "2011.11.24"]
[SourceQuality "1"]

1. e4 e5 2. Nf3 d6 3. d4 exd4 4. Nxd4 Be7 5. Nc3 Nf6 6. Bc4 0-0 7. 0-0 b6 8. Re1 Bb7 9. f3 Nbd7 10. Be3 c5 11. Nf5 Ne5 12. Be2 Re8 13. Qd2 d5 14. exd5 Nxd5 15. Nxd5 Qxd5 16. Qxd5 Bxd5 17. Rad1 Bc4 18. Nxe7+ Rxe7 19. Bxc5 bxc5 20. Bxc4 Rae8 21. Kf2 g6 22. Be2 Nc6 23. c3 Kf8 24. Bb5 Rxe1 25. Rxe1 Rxe1 26. Kxe1 Nd8 27. Kd2 Ke7 28. Ke3 Kd6 29. Ke4 f6 30. b4 Ne6 31. Bc4 f5+ 32. Ke3 cxb4 33. Bxe6 Kxe6 34. cxb4 Kd5 35. Kd3 g5 36. h3 a6 37. a4 h6 38. Kc3 h5 39. b5 Kc5 40. bxa6 Kb6 41. Kd4 g4 42. fxg4 hxg4 43. hxg4 fxg4 44. Ke4 Kxa6 45. Kf4 Ka5 46. Kxg4 Kxa4 47. Kf5 1-0

[Event "Lippe Cup 06th"]
[Site "Lieme"]
[Date "2009.10.18"]
[Round "4"]
[White "Mohrmann, Thomas"]
[Black "Gohmann, Marc"]
[Result "1/2-1/2"]
[WhiteElo "1988"]
[BlackElo "1919"]
[PlyCount "72"]
[EventDate "2009.10.16"]
[EventType "swiss"]
[EventRounds "5"]
[EventCountry "GER"]
[SourceTitle "EXT 2012"]
[Source "ChessBase"]
[SourceDate "2011.11.24"]
[SourceVersion "1"]
[SourceVersionDate "2011.11.24"]
[SourceQuality "1"]

1. d4 e6 2. c4 d5 3. Nc3 Nf6 4. cxd5 exd5 5. Bg5 Be7 6. e3 0-0 7. Bd3 Nbd7 8. Qc2 Re8 9. Nf3 Nf8 10. 0-0 c6 11. Rab1 Ne4 12. Bxe7 Qxe7 13. b4 a6 14. a4 Bf5 15. b5 Nxc3 16. Qxc3 Bxd3 17. Qxd3 cxb5 18. axb5 a5 19. Qb3 Qd6 20. Ne5 Rec8 21. Rfc1 Nd7 22. Nxd7 Qxd7 23. Rc5 Rxc5 24. dxc5 Rc8 25. Qc3 h6 26. h3 Qe7 27. Rc1 Kh7 28. c6 bxc6 29. bxc6 Qd6 30. Qc5 Qxc5 31. Rxc5 a4 32. Ra5 Rxc6 33. Rxa4 Kg6 34. Kf1 Kf6 35. Ke2 Rc2+ 36. Kf3 Ke5 1/2-1/2

[Event "Lippe Cup 06th"]
[Site "Lieme"]
[Date "2009.10.16"]
[Round "1"]
[White "Himpenmacher, Andy"]
[Black "Gohmann, Marc"]
[Result "1-0"]
[WhiteElo "2212"]
[BlackElo "1919"]
[PlyCount "57"]
[EventDate "2009.10.16"]
[EventType "swiss"]
[EventRounds "5"]
[EventCountry "GER"]
[SourceTitle "EXT 2013"]
[Source "ChessBase"]
[SourceDate "2012.11.22"]
[SourceVersion "1"]
[SourceVersionDate "2012.11.22"]
[SourceQuality "1"]

1. d4 e6 2. c4 d5 3. g3 Nf6 4. Bg2 Be7 5. Nf3 0-0 6. 0-0 Nbd7 7. Qc2 b6 8. Nbd2 Bb7 9. b3 Rc8 10. Bb2 c5 11. e3 Qc7 12. Rac1 Rfd8 13. Rfd1 Bd6 14. cxd5 exd5 15. Qd3 Qb8 16. Nh4 cxd4 17. Bxd4 Be5 18. Rxc8 Rxc8 19. Nf5 Kf8 20. Nf3 Bxd4 21. Qxd4 Qc7 22. Qb4+ Qc5 23. Qf4 Ne4 24. Ng5 Qc2 25. Nxh7+ Kg8 26. Ne7+ Kh8 27. Rf1 Nd2 28. Ng5 Nf6 29. Qh4+ 1-0

[Event "Niedersachsen-ch"]
[Site "Verden"]
[Date "2008.01.03"]
[Round "2"]
[White "Gross, Thorsten"]
[Black "Gohmann, Marc"]
[Result "1-0"]
[WhiteElo "2152"]
[BlackElo "1941"]
[PlyCount "83"]
[EventDate "2008.01.03"]
[EventType "swiss"]
[EventRounds "7"]
[EventCountry "GER"]
[SourceTitle "EXT 2010"]
[Source "ChessBase"]
[SourceDate "2010.11.25"]
[SourceVersion "1"]
[SourceVersionDate "2010.11.25"]
[SourceQuality "1"]

1. e4 e6 2. d3 d5 3. Nd2 Nf6 4. Ngf3 c5 5. g3 Nc6 6. Bg2 Be7 7. 0-0 0-0 8. Re1 b5 9. e5 Nd7 10. Nf1 a5 11. h4 Ba6 12. N1h2 b4 13. Bf4 a4 14. Ng5 g6 15. Qd2 a3 16. b3 Rc8 17. h5 c4 18. hxg6 hxg6 19. d4 c3 20. Qe3 Nxd4 21. Qxd4 Bxg5 22. Bxg5 Qxg5 23. Qxb4 Qd2 24. Qxa3 Ra8 25. Qc1 Rfc8 26. Nf3 Qxc1 27. Raxc1 Bb7 28. a4 Nc5 29. Nd4 Na6 30. f4 Nb4 31. Kf2 Kg7 32. g4 Rh8 33. Re3 Rac8 34. Rd1 Kf8 35. Rg3 Ke7 36. Re1 Rh4 37. Ree3 Ba6 38. Rxc3 Rxc3 39. Rxc3 Rxg4 40. Kf3 Rh4 41. Nc6+ Nxc6 42. Rxc6 1-0

[Event "Niedersachsen-ch"]
[Site "Verden"]
[Date "2006.01.07"]
[Round "6"]
[White "Gohmann, Marc"]
[Black "Reinkemeier, Fabian"]
[Result "1/2-1/2"]
[WhiteElo "1665"]
[BlackElo "1374"]
[PlyCount "79"]
[EventDate "2006.01.??"]
[EventType "swiss"]
[EventRounds "7"]
[EventCountry "GER"]
[SourceTitle "CBM 110 Extra"]
[Source "ChessBase"]
[SourceDate "2006.03.10"]
[SourceVersion "2"]
[SourceVersionDate "2006.03.10"]
[SourceQuality "1"]

1. e4 d6 2. d4 g6 3. Nc3 Bg7 4. f4 Nf6 5. Nf3 Bg4 6. Be3 Nbd7 7. Bd3 e5 8. fxe5 dxe5 9. d5 0-0 10. 0-0 Rc8 11. h3 Bxf3 12. Qxf3 a6 13. Bg5 c6 14. Kh1 Qb6 15. dxc6 Rxc6 16. Nd5 Qxb2 17. Ne7+ Kh8 18. Nxc6 bxc6 19. Qe2 Nh5 20. Kh2 a5 21. Rfb1 Qd4 22. Be3 Qd6 23. Rb7 Nf4 24. Bxf4 exf4 25. Rxd7 Qxd7 26. Rb1 Qd6 27. Kg1 Bd4+ 28. Kh1 Rb8 29. Qe1 Rxb1 30. Qxb1 Qb4 31. Qxb4 axb4 32. Kh2 Bf2 33. e5 Bd4 34. Bc4 Bxe5 35. Bxf7 Kg7 36. Be8 c5 37. Kg1 Bd4+ 38. Kf1 h5 39. Ke2 Kf6 40. Kf3 1/2-1/2

[Event "Bad Zwesten op 9th"]
[Site "Bad Zwesten"]
[Date "2005.01.03"]
[Round "2"]
[White "Genov, Petar"]
[Black "Gohmann, Marc"]
[Result "1-0"]
[WhiteElo "2470"]
[BlackElo "1459"]
[PlyCount "55"]
[EventDate "2005.01.02"]
[EventType "swiss"]
[EventRounds "9"]
[EventCountry "GER"]
[SourceTitle "CBM 104 Extra"]
[Source "ChessBase"]
[SourceDate "2005.03.01"]
[SourceVersion "1"]
[SourceVersionDate "2005.03.01"]
[SourceQuality "1"]

1. d4 d5 2. c4 e6 3. Nc3 Nf6 4. Nf3 Be7 5. Bg5 h6 6. Bh4 0-0 7. Qc2 b6 8. Bxf6 Bxf6 9. e4 Bb7 10. cxd5 exd5 11. e5 Be7 12. Rd1 Nc6 13. a3 Qd7 14. Bb5 a6 15. Ba4 b5 16. Bb3 Na5 17. Ba2 Nc4 18. 0-0 Qe6 19. Rfe1 c5 20. Bb1 g6 21. Ne2 Bg5 22. h4 Be7 23. Qc1 h5 24. Nf4 Qg4 25. Rd3 Rad8 26. Nh2 Qc8 27. Nxh5 Rfe8 28. Qh6 1-0